[Event "5. Open Memorial Pedro Lezcano 2012"]
[Site "Gran Canaria ESP"]
[Date "2012.04.03"]
[Round "2.40"]
[White "Engelbrecht, Kevin P"]
[Black "Santana Rodriguez, Jose Raul"]
[Result "0-1"]
[WhiteElo "1740"]
[BlackElo "1823"]
[PlyCount "74"]
[EventDate "2012.04.02"]
[EventType "swiss"]
[EventRounds "9"]
[EventCountry "ESP"]
[Source "lmi"]
[SourceDate "2012.04.02"]

1. e4 c6 2. d4 d5 3. exd5 cxd5 4. c4 Nf6 5. Nc3 e6 6. cxd5 Nxd5 7. Nf3 Bb4 8.
Qc2 Nc6 9. Bd3 h6 10. O-O O-O 11. a3 Be7 12. Re1 a6 13. Qe2 Nf6 14. Ne4 Nxd4
15. Nxf6+ Bxf6 16. Qe4 Nxf3+ 17. gxf3 g6 18. Bxh6 Bxb2 19. Rab1 Bg7 20. Bxg7
Kxg7 21. Rbd1 Qg5+ 22. Qg4 Qxg4+ 23. fxg4 Re8 24. Be4 Ra7 25. Rb1 b5 26. Red1
e5 27. Bc6 Rh8 28. g5 Bf5 29. Rbc1 Rh5 30. Rc3 Rxg5+ 31. Rg3 Rxg3+ 32. hxg3 Kf6
33. f3 Ke7 34. Kf2 Rc7 35. Be4 Bxe4 36. fxe4 Rc2+ 37. Ke3 Rc3+ 0-1

[Event "5. Open Memorial Pedro Lezcano 2012"]
[Site "Gran Canaria ESP"]
[Date "2012.04.04"]
[Round "3.1"]
[White "Cabrera Trujillo, Jorge"]
[Black "Strikovic, Aleksa"]
[Result "1/2-1/2"]
[WhiteElo "2357"]
[BlackElo "2559"]
[PlyCount "143"]
[EventDate "2012.04.02"]
[EventType "swiss"]
[EventRounds "9"]
[EventCountry "ESP"]
[Source "lmi"]
[SourceDate "2012.04.02"]

1. e4 d6 2. d4 Nf6 3. Nc3 e5 4. Nf3 Nbd7 5. Bc4 Be7 6. O-O Nb6 7. Be2 exd4 8.
Nxd4 O-O 9. a4 a5 10. Bf4 c6 11. Qd2 Re8 12. b3 Bf8 13. Bf3 Nbd7 14. g3 Ne5 15.
Bg2 Ng6 16. Rad1 Nxf4 17. Qxf4 Qb6 18. h3 Qc5 19. Nde2 Be6 20. Qd2 Rad8 21. Nf4
Bc8 22. Nd3 Qb6 23. Kh2 g6 24. Nb2 Be6 25. f4 Bg7 26. f5 gxf5 27. exf5 Bc8 28.
Nc4 Qc5 29. Nxd6 Rxd6 30. Qxd6 Qxc3 31. Qc7 Qxc2 32. Rd8 Bxf5 33. Qe7 Bd7 34.
Rxf6 Bxf6 35. Qxf6 Qd2 36. Rxe8+ Bxe8 37. Qe7 Bd7 38. Qd8+ Kg7 39. Qc7 Be6 40.
Qe5+ Kg6 41. h4 h6 42. Kg1 Qd1+ 43. Kh2 Qd2 44. Kg1 Qd7 45. Bf3 Kh7 46. Be4+
Kg8 47. Qb8+ Kg7 48. Qe5+ f6 49. Qc3 Qd1+ 50. Kf2 Qxb3 51. Qxa5 Qb2+ 52. Kf3
Bf7 53. Qf5 Qd2 54. g4 Qc3+ 55. Kf4 Qd2+ 56. Kf3 Qc3+ 57. Kf4 Kf8 58. Qc8+ Be8
59. Qxb7 Qe5+ 60. Kf3 h5 61. Qh7 Qc3+ 62. Bd3 Bf7 63. Qh6+ Kg8 64. Qh7+ Kf8 65.
Qh6+ Ke7 66. Qe3+ Kf8 67. gxh5 Bxh5+ 68. Kf4 Bf7 69. Bf5 Qb4+ 70. Qe4 Qd2+ 71.
Qe3 Qb4+ 72. Qe4 1/2-1/2

[Event "5. Open Memorial Pedro Lezcano 2012"]
[Site "Gran Canaria ESP"]
[Date "2012.04.04"]
[Round "3.2"]
[White "Kurajica, Bojan"]
[Black "Joie, Sebastien"]
[Result "1/2-1/2"]
[WhiteElo "2548"]
[BlackElo "2320"]
[PlyCount "84"]
[EventDate "2012.04.02"]
[EventType "swiss"]
[EventRounds "9"]
[EventCountry "ESP"]
[Source "lmi"]
[SourceDate "2012.04.02"]

1. Nf3 d5 2. d4 c6 3. c4 e6 4. Qc2 Nf6 5. Nbd2 Nbd7 6. a3 Bd6 7. e4 Nxe4 8.
Nxe4 dxe4 9. Qxe4 Nf6 10. Qc2 Qe7 11. Bg5 h6 12. Bh4 e5 13. O-O-O e4 14. Bxf6
gxf6 15. Nh4 Bf4+ 16. Kb1 Bg5 17. Re1 f5 18. Nf3 Be6 19. Nxg5 hxg5 20. f3 Kf8
21. g4 Re8 22. fxe4 fxe4 23. Bg2 Bxg4 24. Bxe4 Rh6 25. Rhg1 Bh5 26. d5 Bg6 27.
Bxg6 Qxe1+ 28. Rxe1 Rxe1+ 29. Ka2 Rxg6 30. Qd2 Re8 31. d6 c5 32. b4 b6 33. bxc5
bxc5 34. Qd5 Rd8 35. d7 Ke7 36. Qxc5+ Rd6 37. Qxg5+ Kxd7 38. c5 Re6 39. Kb3 Rc8
40. Qd5+ Ke8 41. a4 Rec6 42. Kb4 a5+ 1/2-1/2

[Event "5. Open Memorial Pedro Lezcano 2012"]
[Site "Gran Canaria ESP"]
[Date "2012.04.04"]
[Round "3.3"]
[White "Pataki, Gyozo"]
[Black "Del Rio De Angelis, Salvador G"]
[Result "0-1"]
[WhiteElo "2357"]
[BlackElo "2533"]
[PlyCount "66"]
[EventDate "2012.04.02"]
[EventType "swiss"]
[EventRounds "9"]
[EventCountry "ESP"]
[Source "lmi"]
[SourceDate "2012.04.02"]

1. d4 d6 2. Nf3 Bg4 3. Qd3 c6 4. g3 Nd7 5. Bg2 Ngf6 6. c4 e5 7. Nc3 Be7 8. O-O
O-O 9. b3 Re8 10. Bb2 Bf8 11. e4 a6 12. h3 Bh5 13. Rab1 b5 14. cxb5 axb5 15. a3
exd4 16. Nxd4 Qb6 17. Rbe1 Bg6 18. Qd1 Nc5 19. Qc2 d5 20. b4 Nb7 21. Qd2 dxe4
22. Nc2 Rad8 23. Qe2 Nd6 24. Ne3 Nf5 25. Nxf5 Bxf5 26. g4 Bg6 27. Rc1 h5 28.
Rfd1 hxg4 29. hxg4 Bd6 30. a4 e3 31. g5 Nh5 32. axb5 exf2+ 33. Qxf2 Bh2+ 0-1

[Event "5. Open Memorial Pedro Lezcano 2012"]
[Site "Gran Canaria ESP"]
[Date "2012.04.04"]
[Round "3.4"]
[White "Vega Gutierrez, Sabrina"]
[Black "Vera Gonzalez-Quevedo, Reynaldo"]
[Result "1/2-1/2"]
[WhiteElo "2323"]
[BlackElo "2482"]
[PlyCount "30"]
[EventDate "2012.04.02"]
[EventType "swiss"]
[EventRounds "9"]
[EventCountry "ESP"]
[Source "lmi"]
[SourceDate "2012.04.02"]

1. e4 c5 2. Nf3 d6 3. d4 Nf6 4. Nc3 cxd4 5. Nxd4 Nc6 6. Be2 g6 7. O-O Bg7 8.
Nb3 O-O 9. Re1 a6 10. Bf1 b5 11. Nd5 Nd7 12. c3 e6 13. Nb4 Nxb4 14. cxb4 Nb6
15. Rb1 d5 1/2-1/2

[Event "5. Open Memorial Pedro Lezcano 2012"]
[Site "Gran Canaria ESP"]
[Date "2012.04.04"]
[Round "3.6"]
[White "Barlov, Dragan"]
[Black "De La Cruz Sanchez, Carlos G"]
[Result "1/2-1/2"]
[WhiteElo "2443"]
[BlackElo "2288"]
[PlyCount "60"]
[EventDate "2012.04.02"]
[EventType "swiss"]
[EventRounds "9"]
[EventCountry "ESP"]
[Source "lmi"]
[SourceDate "2012.04.02"]

1. g3 Nf6 2. Bg2 g6 3. e4 d6 4. d4 Bg7 5. Nc3 O-O 6. Nge2 e5 7. h3 exd4 8. Nxd4
Nc6 9. Be3 Nxd4 10. Bxd4 Re8 11. O-O Bd7 12. Qd3 Bc6 13. Rfe1 Re6 14. Nd5 Nxd5
15. exd5 Rxe1+ 16. Rxe1 Bb5 17. Qc3 Bxd4 18. Qxd4 b6 19. a4 Bd7 20. Re3 a5 21.
b3 b5 22. axb5 Bxb5 23. h4 h5 24. Kh2 Bd7 25. Rc3 a4 26. bxa4 Rxa4 27. Qd2 Bf5
28. Rc6 Bd7 29. Rc3 Bf5 30. Rc6 Bd7 1/2-1/2

[Event "5. Open Memorial Pedro Lezcano 2012"]
[Site "Gran Canaria ESP"]
[Date "2012.04.04"]
[Round "3.7"]
[White "Meneses Gonzalez, Kevin Moises"]
[Black "Larino Nieto, David"]
[Result "1/2-1/2"]
[WhiteElo "2248"]
[BlackElo "2442"]
[PlyCount "126"]
[EventDate "2012.04.02"]
[EventType "swiss"]
[EventRounds "9"]
[EventCountry "ESP"]
[Source "lmi"]
[SourceDate "2012.04.02"]

1. e4 c6 2. d4 d5 3. Nc3 dxe4 4. Nxe4 Nd7 5. Bc4 Ngf6 6. Ng5 e6 7. Qe2 Nb6 8.
Bd3 h6 9. N5f3 c5 10. Be3 Qc7 11. Ne5 cxd4 12. Bxd4 Bc5 13. Bxc5 Qxc5 14. Ngf3
a6 15. O-O Nbd5 16. a4 O-O 17. a5 Nf4 18. Qd2 Nxd3 19. Qxd3 b5 20. axb6 Qxb6
21. Rfd1 Bb7 22. Qd6 Qxd6 23. Rxd6 Rfc8 24. c4 a5 25. Rb6 Be4 26. Rb5 a4 27.
Rb4 Rab8 28. Raxa4 Rxb4 29. Rxb4 Nd5 30. Ra4 f6 31. Nd2 Bc2 32. Ra5 Nb6 33.
Nef3 Nxc4 34. Nxc4 Rxc4 35. Ra3 Rb4 36. Ra2 Bb1 37. Ra8+ Kh7 38. h3 Rxb2 39.
Nd4 Rb6 40. f3 e5 41. Ne2 Bd3 42. Nc3 Rc6 43. Nd5 e4 44. Nf4 Bb1 45. fxe4 Bxe4
46. Re8 f5 47. Re7 Rc1+ 48. Kh2 Rc2 49. h4 Rb2 50. h5 Kg8 51. Kh3 Rb3+ 52. Kh2
Rb7 53. Rxb7 Bxb7 54. Kh3 Kf7 55. g4 Kf6 56. Kh4 Bf3 57. gxf5 Kxf5 58. Nd3 Be4
59. Nf2 Bc2 60. Nh1 Kf4 61. Nf2 Bf5 62. Ng4 Kf3 63. Nxh6 gxh6 1/2-1/2

[Event "5. Open Memorial Pedro Lezcano 2012"]
[Site "Gran Canaria ESP"]
[Date "2012.04.04"]
[Round "3.8"]
[White "Gergacz, Attila"]
[Black "Bressac, Stephane"]
[Result "0-1"]
[WhiteElo "2432"]
[BlackElo "2243"]
[PlyCount "82"]
[EventDate "2012.04.02"]
[EventType "swiss"]
[EventRounds "9"]
[EventCountry "ESP"]
[Source "lmi"]
[SourceDate "2012.04.02"]

1. e4 c5 2. Nc3 Nc6 3. g3 g6 4. Bg2 Bg7 5. f4 d6 6. Nf3 e6 7. O-O Nge7 8. d3 b6
9. Ne2 Ba6 10. c3 O-O 11. Qc2 Qd7 12. g4 f5 13. gxf5 exf5 14. c4 fxe4 15. dxe4
Qe6 16. Nd2 Nd4 17. Qd3 d5 18. Nc3 dxc4 19. Qg3 b5 20. Bh3 Qc6 21. Qg2 Nc2 22.
Nd5 Nxd5 23. exd5 Qe8 24. Be6+ Kh8 25. Nf3 Nxa1 26. Be3 Qe7 27. Ne5 Bxe5 28.
fxe5 Rxf1+ 29. Qxf1 Rf8 30. Qxa1 Bc8 31. Qe1 Bxe6 32. dxe6 Qxe6 33. Bxc5 Qg4+
34. Kh1 Rf5 35. Bf2 Qf3+ 36. Kg1 Qxf2+ 37. Qxf2 Rxf2 38. Kxf2 Kg7 39. Ke3 Kf7
40. a4 a6 41. Kd4 Ke6 0-1

[Event "5. Open Memorial Pedro Lezcano 2012"]
[Site "Gran Canaria ESP"]
[Date "2012.04.04"]
[Round "3.9"]
[White "Gonzalez Diaz, Julio"]
[Black "Fernandez Garcia, Jose Luis"]
[Result "1/2-1/2"]
[WhiteElo "2232"]
[BlackElo "2414"]
[PlyCount "28"]
[EventDate "2012.04.02"]
[EventType "swiss"]
[EventRounds "9"]
[EventCountry "ESP"]
[Source "lmi"]
[SourceDate "2012.04.02"]

1. c4 e5 2. g3 Nf6 3. Bg2 c6 4. d4 e4 5. Nc3 Bb4 6. Bg5 d5 7. cxd5 Bxc3+ 8.
bxc3 cxd5 9. f3 Nbd7 10. fxe4 dxe4 11. Nh3 h6 12. Bf4 O-O 13. Nf2 Re8 14. Qc2
Qe7 1/2-1/2

[Event "5. Open Memorial Pedro Lezcano 2012"]
[Site "Gran Canaria ESP"]
[Date "2012.04.04"]
[Round "3.10"]
[White "Espinosa Aranda, Angel"]
[Black "Rodriguez Ferraz, Borja"]
[Result "1-0"]
[WhiteElo "2399"]
[BlackElo "2149"]
[PlyCount "93"]
[EventDate "2012.04.02"]
[EventType "swiss"]
[EventRounds "9"]
[EventCountry "ESP"]
[Source "lmi"]
[SourceDate "2012.04.02"]

1. e4 e5 2. Nf3 Nc6 3. Bb5 a6 4. Ba4 Nf6 5. O-O b5 6. Bb3 Bc5 7. a4 Bb7 8. d3
d6 9. Nc3 b4 10. Ne2 Ne7 11. Ng3 Ng6 12. c3 bxc3 13. bxc3 O-O 14. Rb1 Bc6 15.
d4 Bb6 16. Re1 Rb8 17. Ba3 Re8 18. Ng5 d5 19. c4 h6 20. Nxf7 Kxf7 21. cxd5 Bd7
22. d6+ Be6 23. d5 Bxd5 24. Bxd5+ Nxd5 25. Qxd5+ Re6 26. dxc7 Qxc7 27. Rec1 Qa7
28. Qa2 Nf4 29. Nf5 Rd8 30. a5 Bxf2+ 31. Qxf2 Ne2+ 32. Kf1 Qxf2+ 33. Kxf2 Nxc1
34. Rb7+ Kf6 35. Bxc1 Rc6 36. Be3 Rc2+ 37. Kf3 Rd1 38. Rb6+ Kf7 39. Ng3 h5 40.
h4 Rd3 41. Rxa6 Rcc3 42. Nf1 Rd1 43. Ra7+ Kg6 44. Ng3 Rdd3 45. Nf5 Kf6 46. Ke2
g6 47. Bg5+ 1-0

[Event "5. Open Memorial Pedro Lezcano 2012"]
[Site "Gran Canaria ESP"]
[Date "2012.04.04"]
[Round "3.11"]
[White "Herraiz Hidalgo, Herminio"]
[Black "De La Hoz Sanchez, Ruben"]
[Result "1-0"]
[WhiteElo "2485"]
[BlackElo "1961"]
[PlyCount "64"]
[EventDate "2012.04.02"]
[EventType "swiss"]
[EventRounds "9"]
[EventCountry "ESP"]
[Source "lmi"]
[SourceDate "2012.04.02"]

1. d4 d5 2. c4 c6 3. Nf3 Nf6 4. e3 Bg4 5. h3 Bxf3 6. Qxf3 e6 7. Nc3 Nbd7 8. Bd3
Bd6 9. cxd5 exd5 10. g4 h6 11. h4 Nf8 12. Bd2 Ne6 13. O-O-O Qe7 14. Kb1 O-O-O
15. Bc1 Rhe8 16. a3 Nc7 17. Qg2 Ne4 18. Ne2 Kb8 19. f3 Nf6 20. Ng3 Bxg3 21.
Qxg3 Qd6 22. Qxd6 Rxd6 23. Bc2 Rdd8 24. g5 hxg5 25. hxg5 Nd7 26. e4 Rh8 27. Bb3
Nb6 28. Bf4 Kc8 29. Be5 Ne6 30. f4 Kd7 31. Rxh8 Rxh8 32. Rg1 Rg8 1-0

[Event "5. Open Memorial Pedro Lezcano 2012"]
[Site "Gran Canaria ESP"]
[Date "2012.04.04"]
[Round "3.12"]
[White "Korneev, Svyatoslav"]
[Black "Hernando Rodrigo, Jose Maria"]
[Result "0-1"]
[WhiteElo "1938"]
[BlackElo "2326"]
[PlyCount "72"]
[EventDate "2012.04.02"]
[EventType "swiss"]
[EventRounds "9"]
[EventCountry "ESP"]
[Source "lmi"]
[SourceDate "2012.04.02"]

1. Nf3 Nf6 2. c4 c5 3. g3 Nc6 4. Bg2 e6 5. b3 d5 6. Bb2 Be7 7. d3 d4 8. O-O O-O
9. e4 e5 10. h3 a6 11. Na3 Ne8 12. Re1 Nd6 13. Rc1 Qa5 14. Qc2 Be6 15. Qb1 Rfc8
16. Nc2 b5 17. Rcd1 bxc4 18. dxc4 Rab8 19. Bf1 Qb6 20. Na3 f6 21. Nd2 Qb7 22.
f4 Bd8 23. f5 Bf7 24. Bd3 Nb4 25. Re2 a5 26. Rf1 a4 27. Rf3 Ba5 28. Bc1 Nxa2
29. Qxa2 axb3 30. Nxb3 Qxb3 31. Kf2 Qd1 32. Bd2 Bxd2 33. Rxd2 Qh1 34. g4 Ra8
35. Qb2 Rcb8 36. Qa2 Qc1 0-1

[Event "5. Open Memorial Pedro Lezcano 2012"]
[Site "Gran Canaria ESP"]
[Date "2012.04.04"]
[Round "3.13"]
[White "Robin, Samy"]
[Black "Marrero Lopez, Agustin"]
[Result "1-0"]
[WhiteElo "2298"]
[BlackElo "1867"]
[PlyCount "66"]
[EventDate "2012.04.02"]
[EventType "swiss"]
[EventRounds "9"]
[EventCountry "ESP"]
[Source "lmi"]
[SourceDate "2012.04.02"]

1. e4 d6 2. d4 g6 3. Nc3 Bg7 4. Be2 Nd7 5. Be3 c6 6. a4 Qc7 7. Qd2 e6 8. f4 Ne7
9. Nf3 d5 10. e5 a6 11. Nd1 b6 12. O-O O-O 13. c3 Bb7 14. g4 a5 15. Nf2 Ba6 16.
Bxa6 Rxa6 17. Nh3 Rfa8 18. Nh4 Qc8 19. f5 exf5 20. gxf5 Nxf5 21. Nxf5 gxf5 22.
Kh1 Nf8 23. Rg1 R8a7 24. Rxg7+ Kxg7 25. Bh6+ Kh8 26. Qg5 f6 27. Qxf6+ Kg8 28.
Rg1+ Ng6 29. Nf4 Rb7 30. Nxg6 hxg6 31. Qxg6+ Kh8 32. Qf6+ Kh7 33. Qh4 Kh8 1-0

[Event "5. Open Memorial Pedro Lezcano 2012"]
[Site "Gran Canaria ESP"]
[Date "2012.04.04"]
[Round "3.14"]
[White "Gonzalez Intelangelo, Gerardo"]
[Black "Valles, Manuel"]
[Result "0-1"]
[WhiteElo "2020"]
[BlackElo "2260"]
[PlyCount "136"]
[EventDate "2012.04.02"]
[EventType "swiss"]
[EventRounds "9"]
[EventCountry "ESP"]
[Source "lmi"]
[SourceDate "2012.04.02"]

1. c4 Nf6 2. Nc3 g6 3. g3 Bg7 4. Bg2 O-O 5. d3 d6 6. e4 c5 7. Nge2 Nc6 8. O-O
Ne8 9. Be3 Nc7 10. d4 cxd4 11. Nxd4 Ne6 12. Nde2 Nc5 13. h3 a5 14. Rb1 Be6 15.
b3 Bd7 16. Qd2 Rb8 17. Rbd1 b6 18. Bh6 a4 19. Bxg7 Kxg7 20. Qb2 axb3 21. axb3
f6 22. b4 Ne6 23. f4 Qc8 24. Nd5 Rf7 25. Kh2 Nc7 26. Nd4 Nxd4 27. Qxd4 Ne6 28.
Qd3 b5 29. Rc1 bxc4 30. Rxc4 Qa6 31. Qc3 Bb5 32. Ra1 Qb7 33. e5 Qd7 34. exf6+
exf6 35. Re4 Nc7 36. Re3 Nxd5 37. Bxd5 Re7 38. Rxe7+ Qxe7 39. Re1 Qa7 40. Re6
Qf2+ 41. Bg2 Bf1 42. Qf3 Qxf3 43. Bxf3 Rxb4 44. Rxd6 Rb2+ 45. Kg1 Bxh3 46. Ra6
Rd2 47. Rb6 Bf5 48. Rb7+ Rd7 49. Rxd7+ Bxd7 50. g4 Kf7 51. Kf2 h6 52. Ke3 Ke7
53. Kd4 Kd6 54. Bd1 Be8 55. Be2 h5 56. gxh5 gxh5 57. Ke4 Bg6+ 58. f5 Be8 59.
Kf4 Kd5 60. Ba6 Kd4 61. Bb7 Ba4 62. Ba6 Bd1 63. Bb5 Bg4 64. Ba6 Kc3 65. Bb5 Kd2
66. Be8 Ke2 67. Bg6 Kf2 68. Be8 Bf3 0-1

[Event "5. Open Memorial Pedro Lezcano 2012"]
[Site "Gran Canaria ESP"]
[Date "2012.04.04"]
[Round "3.16"]
[White "Alvarado Diaz, Alejandro"]
[Black "Vega Gutierrez, Belinda"]
[Result "0-1"]
[WhiteElo "2219"]
[BlackElo "2177"]
[PlyCount "44"]
[EventDate "2012.04.02"]
[EventType "swiss"]
[EventRounds "9"]
[EventCountry "ESP"]
[Source "lmi"]
[SourceDate "2012.04.02"]

1. c4 e6 2. d4 d5 3. Nf3 c6 4. e3 f5 5. Bd3 Nf6 6. O-O Bd6 7. b3 O-O 8. Ba3
Bxa3 9. Nxa3 Ne4 10. Qc1 Nd7 11. Qb2 Rf6 12. Ne5 Rh6 13. g3 Nxe5 14. dxe5 Bd7
15. Nc2 Nd2 16. Nd4 Nxf1 17. Rxf1 c5 18. Ne2 Bc6 19. Qc2 b6 20. Rd1 Qe8 21.
cxd5 exd5 22. Bxf5 Qxe5 0-1

[Event "5. Open Memorial Pedro Lezcano 2012"]
[Site "Gran Canaria ESP"]
[Date "2012.04.04"]
[Round "3.19"]
[White "Illijin, Neboisa"]
[Black "Perez Castellano, Susana"]
[Result "1-0"]
[WhiteElo "2191"]
[BlackElo "1817"]
[PlyCount "149"]
[EventDate "2012.04.02"]
[EventType "swiss"]
[EventRounds "9"]
[EventCountry "ESP"]
[Source "lmi"]
[SourceDate "2012.04.02"]

1. Nf3 Nf6 2. c4 g6 3. g3 b6 4. Bg2 Bb7 5. O-O Bg7 6. d4 e6 7. Nc3 d5 8. cxd5
exd5 9. Bg5 O-O 10. Rc1 h6 11. Bf4 c6 12. Ne5 Nh5 13. Be3 Nd7 14. f4 Nhf6 15.
Bh3 Qe7 16. Bf2 Rfe8 17. Re1 Nxe5 18. dxe5 Ne4 19. Nxe4 dxe4 20. Qa4 f5 21.
Red1 Red8 22. Rxd8+ Qxd8 23. Rd1 Qe8 24. Qd4 Bc8 25. Qd8 Be6 26. Qxe8+ Rxe8 27.
Rd6 c5 28. b3 Bf8 29. Rc6 Kf7 30. e3 Rc8 31. Rxc8 Bxc8 32. Bf1 a6 33. Bc4+ Ke7
34. a4 Be6 35. Kf1 b5 36. axb5 axb5 37. Bxb5 Bxb3 38. Ke2 Ke6 39. Kd2 g5 40.
Kc3 Bd5 41. Bc4 Be7 42. Be1 Bd8 43. Kb3 h5 44. Bd2 h4 45. gxh4 gxh4 46. h3 Bb6
47. Bc1 Bd8 48. Ba3 Be7 49. Kc3 Bf8 50. Ba6 Kd7 51. Bb5+ Ke6 52. Be8 Be7 53.
Bg6 Bb7 54. Bh7 Ba6 55. Bg8+ Kd7 56. Bc4 Bb7 57. Kc2 Kc6 58. Be6 Ba6 59. Bxf5
Bd3+ 60. Kc3 Bd8 61. Kd2 Ba5+ 62. Kd1 Bc4 63. Bxe4+ Bd5 64. Bxd5+ Kxd5 65. Kc2
Bb6 66. Bb2 Ke4 67. Bc1 Bc7 68. Bd2 c4 69. e6 Bd8 70. Bc3 Be7 71. Bd4 Kf5 72.
Kc3 Kxe6 73. e4 Bd6 74. f5+ Kf7 75. Kxc4 1-0

[Event "5. Open Memorial Pedro Lezcano 2012"]
[Site "Gran Canaria ESP"]
[Date "2012.04.04"]
[Round "3.20"]
[White "Salazar De La Cruz, Jose Maria"]
[Black "Leon Varela, Luis"]
[Result "0-1"]
[WhiteElo "1769"]
[BlackElo "2190"]
[PlyCount "62"]
[EventDate "2012.04.02"]
[EventType "swiss"]
[EventRounds "9"]
[EventCountry "ESP"]
[Source "lmi"]
[SourceDate "2012.04.02"]

1. e4 e6 2. d4 d5 3. Nc3 Bb4 4. e5 b6 5. a3 Bf8 6. Bb5+ c6 7. Bd3 Ba6 8. Nf3
Ne7 9. O-O Qc8 10. a4 Ng6 11. Re1 Bxd3 12. Qxd3 Qa6 13. Qe3 Be7 14. Ne2 c5 15.
Nf4 Nc6 16. Nxg6 fxg6 17. Bd2 O-O 18. Bc3 Rf5 19. Qd2 Raf8 20. a5 Qb5 21. axb6
axb6 22. Re2 g5 23. h3 h5 24. Rf1 g4 25. hxg4 hxg4 26. Nh2 cxd4 27. Bxd4 Nxd4
28. Re3 g3 29. Ng4 gxf2+ 30. Nxf2 Qxb2 31. Rc3 Qxc3 0-1

[Event "5. Open Memorial Pedro Lezcano 2012"]
[Site "Gran Canaria ESP"]
[Date "2012.04.04"]
[Round "3.21"]
[White "Martin Hernandez, Ruben"]
[Black "Guerra Arrocha, Daniel"]
[Result "1-0"]
[WhiteElo "2182"]
[BlackElo "1771"]
[PlyCount "63"]
[EventDate "2012.04.02"]
[EventType "swiss"]
[EventRounds "9"]
[EventCountry "ESP"]
[Source "lmi"]
[SourceDate "2012.04.02"]

1. c4 Nf6 2. g3 g6 3. Bg2 Bg7 4. Nc3 d6 5. e4 O-O 6. Nge2 e5 7. h3 a5 8. O-O
Be6 9. d3 Qd7 10. Kh2 Na6 11. Be3 Nc5 12. f4 b6 13. b3 Nh5 14. d4 exd4 15. Nxd4
Qc8 16. g4 Nf6 17. f5 Bd7 18. g5 Nh5 19. f6 Bh8 20. Bf3 Re8 21. Bxh5 gxh5 22.
Qxh5 Nd3 23. Rad1 Ne5 24. Bf4 Ng6 25. Bg3 a4 26. Nf5 Bxf5 27. exf5 Nf8 28. b4
c6 29. Qf3 Nd7 30. Rxd6 Ne5 31. Qe4 Ng6 32. Qxc6 1-0

[Event "5. Open Memorial Pedro Lezcano 2012"]
[Site "Gran Canaria ESP"]
[Date "2012.04.04"]
[Round "3.22"]
[White "Navarro Molina, David"]
[Black "Schlittermann, Wolfgang"]
[Result "1-0"]
[WhiteElo "2168"]
[BlackElo "1751"]
[PlyCount "67"]
[EventDate "2012.04.02"]
[EventType "swiss"]
[EventRounds "9"]
[EventCountry "ESP"]
[Source "lmi"]
[SourceDate "2012.04.02"]

1. d4 d5 2. c4 e6 3. Nc3 Bb4 4. e3 Nf6 5. Bd3 dxc4 6. Bxc4 O-O 7. a3 Bxc3+ 8.
bxc3 c6 9. Nf3 b6 10. O-O Ba6 11. Bxa6 Nxa6 12. e4 Qc8 13. Qd3 Nd7 14. e5 f5
15. exf6 Nxf6 16. Bf4 Nc7 17. Be5 h6 18. Nh4 Qd7 19. Ng6 Rf7 20. Rae1 c5 21.
Bxc7 Qxc7 22. Rxe6 cxd4 23. cxd4 Re8 24. d5 Rd7 25. d6 Qd8 26. Rxe8+ Qxe8 27.
Rd1 Qf7 28. Ne5 Qe6 29. Nxd7 Qxd7 30. Re1 Ne8 31. Re7 Qd8 32. d7 Qxe7 33. d8=Q
Qe1+ 34. Qf1 1-0

[Event "5. Open Memorial Pedro Lezcano 2012"]
[Site "Gran Canaria ESP"]
[Date "2012.04.04"]
[Round "3.23"]
[White "Molina Rodriguez, Borja"]
[Black "Guerrero Ruiz, Jose Luis"]
[Result "1-0"]
[WhiteElo "2141"]
[BlackElo "1744"]
[PlyCount "65"]
[EventDate "2012.04.02"]
[EventType "swiss"]
[EventRounds "9"]
[EventCountry "ESP"]
[Source "lmi"]
[SourceDate "2012.04.02"]

1. e4 c5 2. Nf3 Nc6 3. d4 cxd4 4. Nxd4 g6 5. c4 Bg7 6. Be3 Nf6 7. Nc3 Ng4 8.
Qxg4 Nxd4 9. Qd1 e5 10. Bd3 O-O 11. O-O d6 12. Rc1 Be6 13. Qd2 Rc8 14. b3 Qd7
15. f3 Qd8 16. Rfd1 Qd7 17. Bxd4 exd4 18. Ne2 f5 19. exf5 Bxf5 20. Bxf5 Qxf5
21. Nxd4 Qc5 22. Kh1 Qh5 23. Ne6 Bh6 24. f4 Rf6 25. Qd5 Qxd5 26. cxd5 Re8 27.
g3 Bg7 28. Rc7 Rf7 29. Rdc1 Bf6 30. Kg2 Rxc7 31. Rxc7 Re7 32. Rc8+ Kf7 33. Rf8#
1-0

[Event "5. Open Memorial Pedro Lezcano 2012"]
[Site "Gran Canaria ESP"]
[Date "2012.04.04"]
[Round "3.24"]
[White "Cruz Ramirez, Nauzet"]
[Black "Acosta Sosa, Juan Manuel"]
[Result "0-1"]
[WhiteElo "1710"]
[BlackElo "2141"]
[PlyCount "144"]
[EventDate "2012.04.02"]
[EventType "swiss"]
[EventRounds "9"]
[EventCountry "ESP"]
[Source "lmi"]
[SourceDate "2012.04.02"]

1. d4 d5 2. c4 c6 3. Nc3 Nf6 4. Nf3 a6 5. c5 Nbd7 6. Bg5 b6 7. cxb6 Qxb6 8. Rb1
Ne4 9. Bd2 Ndf6 10. Nxe4 Nxe4 11. Bc3 Rb8 12. Rc1 e6 13. e3 Nxc3 14. bxc3 Ba3
15. Rc2 O-O 16. Bd3 f6 17. O-O Bd7 18. Re1 c5 19. Nh4 f5 20. f4 c4 21. Bf1 Ba4
22. Nf3 Qa5 23. Ree2 Rb2 24. Ne5 Rfb8 25. Rxb2 Rxb2 26. Qe1 Rb7 27. g4 Bb2 28.
gxf5 Bxc3 29. Qh4 exf5 30. Bh3 g6 31. Bxf5 Qb6 32. Qg4 Bd1 33. Be6+ Kg7 34.
Bxd5 Bxe2 35. Qxe2 Qb1+ 36. Qf1 Qxf1+ 37. Kxf1 Rb1+ 38. Kf2 Rb2+ 39. Kf3 Rxa2
40. Bxc4 Rxh2 41. Bxa6 Ra2 42. Bc4 Ra3 43. Nd3 Kf6 44. Ke4 h5 45. Bb5 Ra5 46.
Bd7 Ke7 47. Bh3 Kf6 48. Nc5 Ke7 49. Nd7 Rb5 50. Ne5 Kf6 51. Nd7+ Kg7 52. Ne5
Ra5 53. Nf3 Bb2 54. Bf1 Bc1 55. d5 Kf6 56. Ne5 Ra4+ 57. Nc4 Ba3 58. Kf3 Bc5 59.
e4 Ra1 60. e5+ Kf7 61. Be2 Rc1 62. d6 Ke6 63. Ke4 Rc3 64. Bf1 h4 65. Be2 Rg3
66. d7 Kxd7 67. Kd5 Be3 68. e6+ Ke7 69. Ne5 Bxf4 70. Nc6+ Kf6 71. e7 Re3 72.
Bg4 Kf7 0-1

[Event "5. Open Memorial Pedro Lezcano 2012"]
[Site "Gran Canaria ESP"]
[Date "2012.04.04"]
[Round "3.25"]
[White "Lopez Pereyra, Antonio"]
[Black "Santana Gil, Odama"]
[Result "1-0"]
[WhiteElo "2125"]
[BlackElo "1663"]
[PlyCount "47"]
[EventDate "2012.04.02"]
[EventType "swiss"]
[EventRounds "9"]
[EventCountry "ESP"]
[Source "lmi"]
[SourceDate "2012.04.02"]

1. e4 e5 2. Nf3 Nc6 3. d4 exd4 4. c3 d5 5. exd5 Qxd5 6. cxd4 Nf6 7. Be2 Bb4+ 8.
Nc3 O-O 9. O-O Bxc3 10. bxc3 Bg4 11. Rb1 b6 12. h3 Bh5 13. Qa4 Na5 14. Rb5 Qe6
15. Re5 Qc6 16. Rxa5 Qb7 17. Re5 Rfe8 18. Bf4 Rxe5 19. Bxe5 Nd5 20. Ba6 Qb8 21.
Qc6 Qd8 22. Bb7 Ne7 23. Qxc7 Qxc7 24. Bxc7 1-0